00655nam a22002057a 450000500170000001000150001702000260003203500140005803700130007208200100008524500970009526000400019227000960023230000210032870000200034970000220036970000190039170000190041070000200042920221003165854.0 aENG-135282 a9789389146516c200.00 aEN-118814 bDBAD/PUB a333.7 aEconomic And Enivornmental Impact Of Plastics In India:cEdited by P. Pattinathar [et.al...] aMaduraibShanlax Publicationsc2019 a61, 66 T.P.K. Main Road, Vasantha NagarbMaduraie625003mpublisher@shanlaxpublications.com a167p.c24cm(pbk) aPattinathar, P. aBabu, A. Satheesh aArunlmaran, M. aDhinakaran, N. aKumar, G. Ashok